|
|
|
|
| LEADER |
00778nam a22002412a 4500 |
| 001 |
000453277 |
| 003 |
CZ BrMZK |
| 005 |
19980107143423.0 |
| 008 |
980107s1842 xr f cze d |
| 015 |
|
|
|a cnb001526650
|
| 015 |
|
|
|a cnb001630019
|
| 035 |
|
|
|a (OCoLC)42934999
|
| 040 |
|
|
|a BOA001
|b cze
|
| 100 |
1 |
|
|a Ziegler, Josef Liboslav,
|d 1782-1846
|7 jk01152586
|
| 245 |
1 |
0 |
|a Mluwnice česká kterauž ku prospěchu mládeže sskolnj složil Josef Liboslaw Ziegler
|
| 260 |
|
|
|a Chrudim :
|b W. Wássa,
|c 1842
|
| 300 |
|
|
|a 175 s.
|
| 910 |
|
|
|a BOA001
|b PK-0018.674
|
| 964 |
|
|
|a Čeština - mluvnice - školy obecné
|
| 964 |
|
|
|a Bohemika - stol. 19.
|
| 990 |
|
|
|a BK
|
| 993 |
|
|
|a Y
|
| 996 |
6 |
|
|b 3119832682
|c PK-0018.674
|l MZK
|r Sklad / do 1 hodiny
|n 0
|w 000453277
|u 000010
|a 1
|e BOA001
|j MZK50
|s P
|